[Event "EU-ch Rapid (Women)"]
[Site "Monaco"]
[Date "2024.01.14"]
[Round "8"]
[White "Dornbusch, Tatiana"]
[Black "Uta, Adeline Ramona"]
[Result "1-0"]
[WhiteElo "2218"]
[BlackElo "2036"]
[PlyCount "119"]
[EventDate "2024.01.13"]
[EventType "swiss (rapid)"]
[EventRounds "11"]
[EventCountry "MNC"]
[SourceTitle "CB03_2024"]
[SourceDate "2024.01.17"]
[SourceVersion "1"]
[SourceVersionDate "2024.01.17"]
[SourceQuality "1"]

1. d4 Nf6 2. Nf3 g6 3. g3 Bg7 4. Bg2 0-0 5. c4 d6 6. Nc3 c6 7. 0-0 Qa5 8. h3 e5 9. e4 Nbd7 10. Be3 Re8 11. d5 cxd5 12. cxd5 Nc5 13. Nd2 Bd7 14. Qe2 Na4 15. Nxa4 Qxa4 16. b3 Bb5 17. bxa4 Bxe2 18. Rfb1 b6 19. Bf1 Bxf1 20. Kxf1 Nd7 21. Nc4 Bf8 22. Ke2 Rec8 23. Kd3 Nc5+ 24. Bxc5 Rxc5 25. Rb5 Rac8 26. Rxc5 Rxc5 27. Rb1 f5 28. f3 fxe4+ 29. fxe4 Kf7 30. Rf1+ Kg7 31. g4 Be7 32. Rf2 h5 33. gxh5 gxh5 34. Rf5 Kg6 35. Rf1 Rc8 36. Rg1+ Kh6 37. Ne3 Kh7 38. Nf5 Bf8 39. Rg5 Rc1 40. Rxh5+ Kg6 41. Rh8 Kf7 42. Rh7+ Kg8 43. Rxa7 Rh1 44. h4 Rd1+ 45. Ke3 Re1+ 46. Kf3 Rf1+ 47. Ke2 Ra1 48. Kf3 Rxa2 49. Kg4 b5 50. a5 b4 51. Rb7 Rxa5 52. Rxb4 Ra1 53. Kg5 Kf7 54. Rb7+ Kg8 55. Kf6 Ra4 56. Ng3 Ra3 57. Nf5 Ra4 58. Rb8 Ra7 59. Nxd6 Ra6 60. Kxe5 1-0

[Event "EU-ch Blitz (Women)"]
[Site "Monaco"]
[Date "2024.01.12"]
[Round "7"]
[White "Dornbusch, Tatiana"]
[Black "Piddubna, Bozhena"]
[Result "0-1"]
[WhiteElo "2218"]
[BlackElo "2035"]
[PlyCount "78"]
[EventDate "2024.01.12"]
[EventType "swiss (blitz)"]
[EventRounds "13"]
[EventCountry "MNC"]
[SourceTitle "CB03_2024"]
[SourceDate "2024.01.17"]
[SourceVersion "1"]
[SourceVersionDate "2024.01.17"]
[SourceQuality "1"]

1. d4 Nf6 2. Nf3 e6 3. c4 Bb4+ 4. Nbd2 d5 5. a3 Be7 6. g3 0-0 7. Bg2 c5 8. 0-0 Nc6 9. dxc5 Bxc5 10. b4 Be7 11. Bb2 b6 12. cxd5 Nxd5 13. e4 Nf6 14. Qe2 Bb7 15. Rfd1 Qe8 16. Rac1 Rd8 17. Nc4 Rxd1+ 18. Rxd1 Qb8 19. b5 Na5 20. Nxa5 bxa5 21. e5 Nd5 22. Nd4 Rc8 23. Qd3 h6 24. f4 Rc7 25. h3 a6 26. a4 Nb4 27. Qd2 Bc5 28. bxa6 Bxa6 29. Kh2 Rd7 30. Qc3 Qb6 31. Rd2 Nd5 32. Qf3 Bb7 33. Qd3 Nb4 34. Bxb7 Nxd3 35. Bc3 Qxb7 36. Rxd3 Bxd4 37. Bxd4 Rxd4 38. Rxd4 Qb2+ 39. Kh1 Qxd4 0-1

[Event "EU Small Countries blitz op 8th"]
[Site "St Helier"]
[Date "2023.11.02"]
[Round "8"]
[White "Darmanin, Jake"]
[Black "Dornbusch, Tatiana"]
[Result "1-0"]
[WhiteElo "2119"]
[BlackElo "2162"]
[PlyCount "83"]
[EventDate "2023.11.02"]
[EventType "swiss (blitz)"]
[EventRounds "11"]
[EventCountry "GCI"]
[SourceTitle "CB46_2023"]
[SourceDate "2023.11.15"]
[SourceVersion "1"]
[SourceVersionDate "2023.11.15"]
[SourceQuality "1"]

1. e4 Nf6 2. Nc3 d5 3. exd5 Nxd5 4. Bc4 Nb6 5. Bb3 Nc6 6. Nf3 Bf5 7. d4 e6 8. Bf4 Bd6 9. Bg3 Bxg3 10. hxg3 Bg4 11. Ne2 Qd7 12. c3 0-0-0 13. Ba4 Nxa4 14. Qxa4 e5 15. 0-0-0 e4 16. d5 Ne7 17. Qxa7 Qb5 18. Ne5 Qa6 19. Qxa6 bxa6 20. Nxg4 Nxd5 21. Nf4 Nb6 22. Rxd8+ Kxd8 23. Ne5 Ke7 24. Neg6+ fxg6 25. Nxg6+ hxg6 26. Rxh8 Nc4 27. Rh4 Nd6 28. Kc2 Ke6 29. b3 Ke5 30. Kd2 Nf5 31. Rh8 e3+ 32. fxe3 Nxg3 33. Ra8 Ne4+ 34. Kd3 g5 35. b4 Nf2+ 36. Ke2 Ng4 37. Rxa6 Kd5 38. Ra5+ Kc4 39. Rxg5 Nf6 40. Rxg7 Ne4 41. Rxc7+ Kb5 42. Kd3 1-0

[Event "EU Small Countries blitz op 8th"]
[Site "St Helier"]
[Date "2023.11.02"]
[Round "9"]
[White "Dornbusch, Tatiana"]
[Black "Ribera Veganzones, Serni"]
[Result "1-0"]
[WhiteElo "2162"]
[BlackElo "2047"]
[PlyCount "51"]
[EventDate "2023.11.02"]
[EventType "swiss (blitz)"]
[EventRounds "11"]
[EventCountry "GCI"]
[SourceTitle "CB46_2023"]
[SourceDate "2023.11.15"]
[SourceVersion "1"]
[SourceVersionDate "2023.11.15"]
[SourceQuality "1"]

1. d4 Nf6 2. Nf3 b6 3. g3 Bb7 4. Bg2 e6 5. 0-0 Be7 6. c4 0-0 7. Nc3 Ne4 8. Bd2 Bf6 9. Rc1 d6 10. Be1 g6 11. Qc2 Nxc3 12. Bxc3 Nd7 13. e4 Bg7 14. e5 dxe5 15. Nxe5 Bxg2 16. Kxg2 c5 17. Nc6 Qc7 18. d5 exd5 19. Ne7+ Kh8 20. Bxg7+ Kxg7 21. Nxd5 Qc6 22. Qc3+ Nf6 23. g4 h6 24. h4 g5 25. hxg5 hxg5 26. Qe5 1-0

[Event "EU-ch Small Nations (Women) 1st"]
[Site "Monte Carlo"]
[Date "2022.11.22"]
[Round "4"]
[White "Farrugia, Jamie"]
[Black "Dornbusch, Tatiana"]
[Result "0-1"]
[WhiteElo "1568"]
[BlackElo "2244"]
[PlyCount "46"]
[EventDate "2022.11.20"]
[EventType "tourn"]
[EventRounds "9"]
[EventCountry "MNC"]
[SourceTitle "CBM 211 Extra"]
[Source "ChessBase"]
[SourceDate "2023.01.31"]
[SourceVersion "1"]
[SourceVersionDate "2023.01.31"]
[SourceQuality "1"]

1. e4 Nf6 2. e5 Nd5 3. d4 d6 4. Nf3 Bg4 5. Be2 Nc6 6. h3 Bh5 7. g4 Bg6 8. a4 e6 9. exd6 Bxd6 10. Na3 Bxa3 11. Rxa3 Ncb4 12. Bd3 Bxd3 13. cxd3 0-0 14. 0-0 Qd6 15. Qe2 Rad8 16. Qe5 Qc6 17. Qe4 f5 18. Qe2 fxg4 19. hxg4 Nf4 20. Bxf4 Rxf4 21. Ng5 Rdxd4 22. f3 Rd6 23. Qh2 Qc5+ 0-1

[Event "EU-ch Small Nations (Women) 1st"]
[Site "Monte Carlo"]
[Date "2022.11.21"]
[Round "3"]
[White "Dornbusch, Tatiana"]
[Black "Ashbrooke, Monika"]
[Result "1-0"]
[WhiteElo "2244"]
[BlackElo "1321"]
[PlyCount "33"]
[EventDate "2022.11.20"]
[EventType "tourn"]
[EventRounds "9"]
[EventCountry "MNC"]
[SourceTitle "CBM 211 Extra"]
[Source "ChessBase"]
[SourceDate "2023.01.31"]
[SourceVersion "1"]
[SourceVersionDate "2023.01.31"]
[SourceQuality "1"]

1. d4 d5 2. c4 e6 3. Nc3 Bb4 4. Nf3 Bxc3+ 5. bxc3 Ne7 6. e3 0-0 7. Bd3 dxc4 8. Bxc4 b6 9. 0-0 Ba6 10. Bxa6 Nxa6 11. Qe2 Qc8 12. Ba3 c5 13. Ne5 Re8 14. Rfd1 cxd4 15. cxd4 Nd5 16. Rac1 Qb7 17. Nc4 1-0

[Event "EU Small Countries ol 7th"]
[Site "Sliema"]
[Date "2021.12.03"]
[Round "8.2"]
[White "Garcia Paolicchi, Raul"]
[Black "Dornbusch, Tatiana"]
[Result "1-0"]
[WhiteElo "2094"]
[BlackElo "2239"]
[PlyCount "55"]
[EventDate "2021.11.28"]
[EventType "team-tourn"]
[EventRounds "9"]
[EventCountry "MLT"]
[SourceTitle "CBM 205 Extra"]
[Source "ChessBase"]
[SourceDate "2022.01.31"]
[SourceVersion "1"]
[SourceVersionDate "2022.01.31"]
[SourceQuality "1"]
[WhiteTeam "Andorra"]
[BlackTeam "Monaco"]
[WhiteTeamCountry "AND"]
[BlackTeamCountry "MNC"]

1. d4 Nf6 2. Nf3 c5 3. d5 b5 4. c3 Bb7 5. e4 Nxe4 6. Bxb5 e6 7. dxe6 fxe6 8. Qe2 Be7 9. Nbd2 Nxd2 10. Bxd2 0-0 11. Bd3 Nc6 12. h4 Qe8 13. h5 Qf7 14. 0-0-0 d5 15. Rde1 Nd8 16. Rh3 Bf6 17. Bc2 e5 18. Nxe5 Bxe5 19. Qd3 g6 20. Rxe5 Qxf2 21. hxg6 Qf1+ 22. Re1 Qxd3 23. Bxd3 hxg6 24. Bxg6 Rf6 25. Rg3 Ne6 26. Bh6 Rb8 27. Bh5+ Kh7 28. Bd2 1-0

[Event "EU Small Countries ol 7th"]
[Site "Sliema"]
[Date "2021.12.01"]
[Round "6.1"]
[White "Rodgaard, John"]
[Black "Dornbusch, Tatiana"]
[Result "1/2-1/2"]
[WhiteElo "2317"]
[BlackElo "2239"]
[PlyCount "37"]
[EventDate "2021.11.28"]
[EventType "team-tourn"]
[EventRounds "9"]
[EventCountry "MLT"]
[SourceTitle "CBM 205 Extra"]
[Source "ChessBase"]
[SourceDate "2022.01.31"]
[SourceVersion "1"]
[SourceVersionDate "2022.01.31"]
[SourceQuality "1"]
[WhiteTeam "Faroe Islands"]
[BlackTeam "Monaco"]
[WhiteTeamCountry "FAI"]
[BlackTeamCountry "MNC"]

1. Nf3 g6 2. c4 Bg7 3. d4 c5 4. e4 Nc6 5. dxc5 Qa5+ 6. Bd2 Qxc5 7. Nc3 Nf6 8. Be2 0-0 9. 0-0 Nd4 10. Nxd4 Qxd4 11. Be3 Qxd1 12. Rfxd1 d6 13. f3 b6 14. Rac1 Bb7 15. b3 Rfc8 16. Nd5 Nxd5 17. exd5 Rc7 18. a4 Re8 19. Kf1 1/2-1/2

[Event "EU Small Countries ol 7th"]
[Site "Sliema"]
[Date "2021.11.28"]
[Round "1.3"]
[White "Sammut Briffa, Peter"]
[Black "Dornbusch, Tatiana"]
[Result "1/2-1/2"]
[WhiteElo "1937"]
[BlackElo "2239"]
[PlyCount "90"]
[EventDate "2021.11.28"]
[EventType "team-tourn"]
[EventRounds "9"]
[EventCountry "MLT"]
[SourceTitle "CBM 205 Extra"]
[Source "ChessBase"]
[SourceDate "2022.01.31"]
[SourceVersion "1"]
[SourceVersionDate "2022.01.31"]
[SourceQuality "1"]
[WhiteTeam "Malta"]
[BlackTeam "Monaco"]
[WhiteTeamCountry "MLT"]
[BlackTeamCountry "MNC"]

1. e4 Nf6 2. Nc3 d5 3. e5 d4 4. Nce2 Nfd7 5. f4 c5 6. Nf3 Nc6 7. d3 e6 8. g3 f6 9. Bh3 fxe5 10. Bxe6 Qe7 11. Bh3 Nf6 12. Bxc8 Rxc8 13. 0-0 Qc7 14. fxe5 Nxe5 15. Nxe5 Qxe5 16. Nf4 Be7 17. Re1 Qd6 18. Qe2 Kf7 19. Ne6 Rhe8 20. Bf4 Qc6 21. Qe5 Bf8 22. Ng5+ Kg6 23. Ne6 Kf7 24. Ng5+ Kg8 25. Qf5 g6 26. Qh3 h6 27. Ne4 Nxe4 28. Rxe4 Rxe4 29. dxe4 g5 30. Be5 Re8 31. Qf5 Qe6 32. Qxe6+ Rxe6 33. Bb8 Rxe4 34. Bxa7 Re2 35. Rc1 Rd2 36. b3 Bd6 37. Bb6 Kg7 38. Ba5 Re2 39. Bd8 Kg6 40. Rf1 Be5 41. Rf2 Re3 42. Ba5 h5 43. Bd2 Re4 44. Rg2 Bd6 45. Kf1 g4 1/2-1/2

[Event "FRA-chT Top 12 (Women) GpB"]
[Site "Cesson Sevigne"]
[Date "2021.08.26"]
[Round "1.1"]
[White "Steil Antoni, Fiona"]
[Black "Dornbusch, Tatiana"]
[Result "0-1"]
[WhiteElo "2153"]
[BlackElo "2249"]
[PlyCount "82"]
[EventDate "2021.08.26"]
[EventType "team-tourn"]
[EventRounds "3"]
[EventCountry "FRA"]
[SourceTitle "CBM 204 Extra"]
[Source "ChessBase"]
[SourceDate "2021.11.30"]
[SourceVersion "1"]
[SourceVersionDate "2021.11.30"]
[SourceQuality "1"]
[WhiteTeam "Vandoeuvre (W)"]
[BlackTeam "Monaco (W)"]
[WhiteTeamCountry "FRA"]
[BlackTeamCountry "MNC"]

1. e4 e5 2. Nf3 Nc6 3. d4 exd4 4. Nxd4 Bc5 5. Be3 Qf6 6. c3 Nge7 7. g3 d5 8. Bg2 Nxd4 9. cxd4 Bb4+ 10. Nc3 Bxc3+ 11. bxc3 dxe4 12. Bxe4 0-0 13. 0-0 c6 14. Rb1 b6 15. Qh5 h6 16. Rfe1 Bf5 17. Bxf5 Qxf5 18. Qxf5 Nxf5 19. Bf4 g5 20. Bc1 Rfe8 21. Ba3 f6 22. Kf1 Kf7 23. h3 h5 24. Bb4 h4 25. g4 Ng7 26. a4 Rxe1+ 27. Rxe1 Ne6 28. Re3 c5 29. dxc5 bxc5 30. Ba5 Rb8 31. c4 Rb1+ 32. Re1 Rb2 33. Rd1 Ke7 34. Bd2 Rc2 35. a5 Rxc4 36. Rb1 Rd4 37. Bc3 Rd7 38. Rb8 Nf4 39. f3 Nxh3 40. Rc8 Nf4 41. Rxc5 Rd1+ 0-1

[Event "EU-ch (Women) 21st"]
[Site "Iasi"]
[Date "2021.08.12"]
[Round "4"]
[White "Dornbusch, Tatiana"]
[Black "Tsolakidou, Stavroula"]
[Result "1/2-1/2"]
[WhiteElo "2249"]
[BlackElo "2389"]
[PlyCount "87"]
[EventDate "2021.08.09"]
[EventType "swiss"]
[EventRounds "11"]
[EventCountry "ROU"]
[SourceTitle "CBM 203 Extra"]
[Source "ChessBase"]
[SourceDate "2021.09.30"]
[SourceVersion "1"]
[SourceVersionDate "2021.09.30"]
[SourceQuality "1"]

1. d4 d5 2. Nf3 Nf6 3. g3 b5 4. Bg2 e6 5. 0-0 Be7 6. Bg5 Nbd7 7. Nbd2 c5 8. c3 Bb7 9. Re1 0-0 10. Bxf6 Nxf6 11. Ne5 Qc7 12. Rc1 Rac8 13. e3 Ne4 14. f3 Nd6 15. Nd3 Nc4 16. Nb3 cxd4 17. exd4 Bd6 18. Qe2 Rfe8 19. f4 Bc6 20. Nbc5 Bf8 21. b3 Nd6 22. Ne5 Nf5 23. b4 a5 24. a3 Nd6 25. Qf3 Re7 26. Nxc6 Qxc6 27. Bf1 Qc7 28. Bd3 g6 29. h4 Ree8 30. h5 Nc4 31. Bxc4 bxc4 32. Re2 axb4 33. axb4 Ra8 34. Qg4 Ra3 35. hxg6 hxg6 36. Rh2 Bg7 37. Re2 Rea8 38. Rd2 Qa7 39. Kf2 Ra1 40. Qd1 Ra3 41. Rb2 Bf8 42. Kg2 Bd6 43. Qg1 Rc8 44. Qe3 1/2-1/2

[Event "EU-ch (Women) 21st"]
[Site "Iasi"]
[Date "2021.08.10"]
[Round "2"]
[White "Dornbusch, Tatiana"]
[Black "Sargsyan, Anna M"]
[Result "0-1"]
[WhiteElo "2249"]
[BlackElo "2388"]
[PlyCount "158"]
[EventDate "2021.08.09"]
[EventType "swiss"]
[EventRounds "11"]
[EventCountry "ROU"]
[SourceTitle "CBM 203 Extra"]
[Source "ChessBase"]
[SourceDate "2021.09.30"]
[SourceVersion "1"]
[SourceVersionDate "2021.09.30"]
[SourceQuality "1"]

1. d4 d5 2. c4 c6 3. Nf3 Nf6 4. g3 Bf5 5. Bg2 e6 6. 0-0 Be7 7. b3 0-0 8. Bb2 Nbd7 9. Nbd2 Ne4 10. Nxe4 Bxe4 11. Qd2 a5 12. Ne1 Bxg2 13. Kxg2 a4 14. Nd3 h6 15. Rfc1 Re8 16. e3 Bf8 17. Bc3 Qg5 18. Bb4 Qf5 19. Bxf8 Rxf8 20. Qc2 a3 21. Nc5 Qxc2 22. Rxc2 Nxc5 23. dxc5 Rfd8 24. cxd5 Rxd5 25. Kf3 g5 26. h3 Kg7 27. b4 Rad8 28. Ke2 h5 29. Rb1 g4 30. hxg4 hxg4 31. Rb3 Ra8 32. Rc4 f5 33. Rcc3 Ra4 34. Rd3 Kf6 35. Rxd5 exd5 36. Kd3 Ke5 37. Rb1 b6 38. cxb6 Ra6 39. b7 Rb6 40. Rb3 Rxb7 41. Rxa3 Rxb4 42. Kc3 Rb1 43. Ra4 Rf1 44. Rf4 c5 45. Kb2 Rh1 46. Kc2 Rh8 47. Kb2 Ra8 48. Kb3 Rc8 49. Kc3 d4+ 50. Kc2 Ra8 51. Kb3 Rd8 52. Kc2 Rd5 53. Kd2 Rd7 54. Kc2 Ra7 55. Kb2 Ra5 56. Kb3 c4+ 57. Kxc4 dxe3 58. fxe3 Rxa2 59. e4 Ra4+ 60. Kd3 Rxe4 61. Rf1 Ra4 62. Re1+ Kf6 63. Rg1 Ra3+ 64. Ke2 Rf3 65. Rg2 Ke5 66. Rg1 Ke4 67. Kd2 Rf2+ 68. Kc3 Kf3 69. Kd4 f4 70. gxf4 Kxf4 71. Ra1 g3 72. Ra8 Rd2+ 73. Kc3 Rd7 74. Rf8+ Ke3 75. Rg8 Kf2 76. Rf8+ Kg1 77. Rg8 g2 78. Kc2 Rh7 79. Kd2 Kh1 0-1

[Event "EU-Cup Online Final"]
[Site "Tornelo INT"]
[Date "2021.03.31"]
[Round "9.4"]
[White "Dornbusch, Tatiana"]
[Black "Ragger, Markus"]
[Result "0-1"]
[WhiteElo "2249"]
[BlackElo "2680"]
[PlyCount "64"]
[EventDate "2021.03.30"]
[EventType "team-tourn (rapid)"]
[EventRounds "9"]
[EventCountry "NET"]
[SourceTitle "CBM 201"]
[Source "ChessBase"]
[SourceDate "2021.04.30"]
[SourceVersion "1"]
[SourceVersionDate "2021.04.30"]
[SourceQuality "1"]
[WhiteTeam "Monte Carlo (W)"]
[BlackTeam "Novy Bor"]
[WhiteTeamCountry "MNC"]
[BlackTeamCountry "CZE"]

1. Nf3 c5 2. g3 Nc6 3. Bg2 e5 4. c4 g6 5. Nc3 Bg7 6. d3 d6 7. 0-0 Nge7 8. Bg5 f6 9. Bd2 0-0 10. a3 a5 11. Rb1 Be6 12. Ne1 Bf7 13. Nc2 d5 14. cxd5 Nxd5 15. Nxd5 Bxd5 16. Bxd5+ Qxd5 17. Ne3 Qe6 18. Rc1 b6 19. Nc4 Rab8 20. Re1 Rfd8 21. Qb3 Nd4 22. Qd1 a4 23. Be3 Nb3 24. Rc3 e4 25. Nd2 f5 26. Rc2 exd3 27. exd3 Rxd3 28. Bf4 Qd7 29. Bxb8 Nxd2 30. Kg2 Nf3 31. Re8+ Qxe8 32. Qxd3 Ne1+ 0-1

[Event "EU-Cup Online Gr-B (Women)"]
[Site "Tornelo INT"]
[Date "2020.12.19"]
[Round "3.4"]
[White "Avdeeva, Veronika"]
[Black "Dornbusch, Tatiana"]
[Result "0-1"]
[WhiteElo "2116"]
[BlackElo "2249"]
[PlyCount "68"]
[EventDate "2020.12.19"]
[EventType "team-tourn (rapid)"]
[EventRounds "7"]
[EventCountry "ISS"]
[SourceTitle "CBM 199 Extra"]
[Source "ChessBase"]
[SourceDate "2021.01.31"]
[SourceVersion "1"]
[SourceVersionDate "2021.01.31"]
[SourceQuality "1"]
[WhiteTeam "Voronezh (W)"]
[BlackTeam "Monte Carlo (W) II"]
[WhiteTeamCountry "RUS"]
[BlackTeamCountry "MNC"]

1. d4 Nf6 2. c4 c5 3. d5 b5 4. cxb5 a6 5. bxa6 g6 6. g3 Bxa6 7. Bg2 d6 8. Nc3 Bg7 9. Nf3 Nbd7 10. 0-0 0-0 11. Rb1 Qa5 12. Bd2 Rfb8 13. Qc2 Qd8 14. b3 Nb6 15. Ng5 h6 16. Nh3 Bb7 17. e4 Ng4 18. Nf4 Ne5 19. Rfd1 Ba6 20. Be1 Nbd7 21. h3 Nf6 22. Kh2 g5 23. Nfe2 g4 24. Ng1 gxh3 25. Bxh3 Nfg4+ 26. Kg2 h5 27. Nge2 h4 28. gxh4 Bf6 29. h5 Qf8 30. Qd2 Qg7 31. Ng3 Nd3 32. Bxg4 Qxg4 33. Qe3 Bg5 34. Qf3 Nf4+ 0-1

[Event "EU-Cup Online Gr-B (Women)"]
[Site "Tornelo INT"]
[Date "2020.12.19"]
[Round "2.2"]
[White "Dornbusch, Tatiana"]
[Black "Voicu Jagodzinsky, Carmen"]
[Result "1/2-1/2"]
[WhiteElo "2249"]
[BlackElo "2247"]
[PlyCount "120"]
[EventDate "2020.12.19"]
[EventType "team-tourn (rapid)"]
[EventRounds "7"]
[EventCountry "ISS"]
[SourceTitle "CBM 199 Extra"]
[Source "ChessBase"]
[SourceDate "2021.01.31"]
[SourceVersion "1"]
[SourceVersionDate "2021.01.31"]
[SourceQuality "1"]
[WhiteTeam "Monte Carlo (W) II"]
[BlackTeam "Arnia Chess (W)"]
[WhiteTeamCountry "MNC"]
[BlackTeamCountry "ROU"]

1. d4 e6 2. Nf3 f5 3. c4 Nf6 4. Nc3 Bb4 5. Bf4 Ne4 6. Qb3 Bxc3+ 7. bxc3 0-0 8. e3 b6 9. Bd3 Bb7 10. 0-0 Kh8 11. a4 Nc6 12. a5 Rb8 13. axb6 axb6 14. Qc2 Ne7 15. Ra7 Ng6 16. Rb1 Nxf4 17. exf4 Qc8 18. h3 Ra8 19. Rxa8 Qxa8 20. Qb2 Nf6 21. Ra1 Qe8 22. Be2 Qg6 23. Ra7 Rb8 24. c5 Nd5 25. Qd2 bxc5 26. Ne5 Qe8 27. dxc5 d6 28. cxd6 cxd6 29. Nf3 Qc6 30. c4 Nf6 31. Qe3 Ne4 32. Bf1 h6 33. Nd4 Qc5 34. Nxe6 Qxe3 35. fxe3 Nc5 36. Nxc5 dxc5 37. Ra5 Rc8 38. Bd3 g6 39. Kf2 Rd8 40. Be2 Rd2 41. g3 Be4 42. Ke1 Rb2 43. Rxc5 Rb1+ 44. Kf2 Rb2 45. Ke1 Rb1+ 46. Kf2 Rb2 47. Rc8+ Kg7 48. Rd8 Rc2 49. Ke1 g5 50. Rd2 Rc1+ 51. Rd1 Rc3 52. Kd2 Rc2+ 53. Ke1 Rc3 54. Kf2 Rc2 55. fxg5 hxg5 56. h4 g4 57. Ke1 Rc3 58. Kf2 Rc2 59. Kf1 Rc3 60. Kf2 Rc2 1/2-1/2